00211nam a2200085Ia 4500008004100000100001800041245003800059260001100097999001700108170617s9999 xx 000 0 und d aHansch-Corwin 0aComprehensive Medicinal Chemistry bNirali c15077d15077